000 01939cam a22003014a 4500
999 _c3655
_d3655
001 14218484
003 GZU
005 20201203112426.0
008 060104s2007 maua 001 0 eng
010 _a 2006000005
020 _a9780072980608 (hard copy : acidfree paper)
020 _a0072980605 (hard copy : acidfree paper)
040 _aDLC
_cDLC
_dDLC
042 _apcc
050 0 0 _aQD31.3
_b.CHA 2007
100 1 _aChang, Raymond.
_eauthor
245 1 0 _aChemistry./
_cRaymond Chang
250 _a9th ed. /
_bRaymond Chang.
260 _aBoston :
_bMcGrawHill Higher Education,
_cc2007.
300 _axxxiv, 1063p. A14, G9, AP9, C3, I13 :
_bcol. ill. ;
_c27 cm.
500 _aIncludes index.
505 0 _aChemistry: the study of change -- Atoms, molecules, and ions -- Mass relationships in chemical reactions -- Reactions in aqueous solution -- Gases -- Thermochemistry -- Quantum theory and the electronic structure of atoms -- Periodic relationship among the elements -- Chemical bonding I: basic concepts -- Chemical bonding II: molecular geometry and hybridization of atomic orbitals -- Intermolecular forces and liquids and solids -- Physical properties of solutions -- Chemical kinetics -- Chemical equilibrium -- Acids and bases -- Acid-base equilibria and solubility equilibria -- Chemistry in the atmosphere -- Entropy, free energy, and equilibrimn -- Electrochemistry -- Metallurgy and the chemistry of metals -- Nonmetallic elements and their compounds -- Transition metal chemistry and coordination compounds -- Nuclear chemistry -- Organic chemistry -- Synthetic and natural organic polymers.
650 0 _aChemistry.
856 4 1 _3Table of contents only
_uhttp://www.loc.gov/catdir/toc/ecip066/2006000005.html
906 _a7
_bcbc
_corignew
_d1
_eecip
_f20
_gy-gencatlg
942 _2lcc
_cBK
_e9th ed.
_h31.3
_iCHA
_kQD